| 000 | 00803nam a22002297a 4500 | ||
|---|---|---|---|
| 005 | 20240529110358.0 | ||
| 010 | _aENG-140529/ENG-140530 | ||
| 020 |
_c717.00 _a9788181715906 |
||
| 035 | _aEN-124061/EN-124062 | ||
| 037 | _aDBAD/PUB | ||
| 082 | _a597.809548 | ||
| 100 |
_aDinesh K. P, [et...al.] _967024 |
||
| 245 |
_aA Catalogue Of Amphibia In The Collections Of The Zoological Survey Of India: _bWestern Regional Center, Pune/ |
||
| 260 |
_aKolkata _bZoological Survey of India _c2022 |
||
| 270 |
_aM-Block, New Alipore, _bKolkata _e700053 |
||
| 300 |
_a200 p. _c24cm (Pb) |
||
| 500 | _aOccasional Paper No. 408 | ||
| 650 |
_aZoology _967025 |
||
| 700 |
_912834 _aAnsari Shabnam _eAuthor |
||
| 700 |
_aSreejith Sreekumar _eAuthor _967026 |
||
| 942 |
_2ddc _cEN _h597.809548 _mDIN |
||
| 999 |
_c203348 _d203348 |
||